000 00343nam a2200121Ia 4500
008 220204s9999 xx 000 0 und d
082 _a339.564(058)
_bDIR
245 0 _aDirectory of exporters of Indian porduce and manufactures
250 _aEd.13
260 _aDelhi
_bManager of Publications
_c1959
650 _aExport directory
942 _cBK
999 _c19882
_d19882